Statistics for 住みたいまちランキング2024 TOP100(関西版)

Click here to take the quiz!

General Stats

  • This quiz has been taken 39 times
  • The average score is 64 of 101

Answer Stats

順位駅名代表的な路線名% Correct
19神戸JR東海道本線
100%
9京都JR東海道本線など
97%
36西宮阪神本線
97%
56西宮JR東海道本線
97%
29姫路JR山陽本線など
91%
15宝塚阪急宝塚線など
91%
1梅田地下鉄御堂筋線
91%
5天王寺地下鉄御堂筋線など
91%
46尼崎阪神本線
89%
27高槻JR東海道本線
89%
31尼崎JR東海道本線など
89%
7千里中央北大阪急行など
86%
96芦屋阪神本線など
86%
74奈良JR奈良線など
86%
65芦屋JR東海道本線
86%
2西宮北口阪急神戸線など
86%
南海本線
83%
81茨木JR東海道本線
83%
16明石JR山陽本線
83%
20新大阪地下鉄御堂筋線など
83%
50京橋JR大阪環状線など
83%
4なんば地下鉄御堂筋線など
80%
38甲子園阪神本線
80%
吹田阪急千里線など
80%
100吹田JR東海道本線など
80%
43大津JR東海道本線
80%
33豊中阪急宝塚線
74%
42なかもず地下鉄御堂筋線
74%
40十三阪急神戸線など
74%
3神戸三宮阪急神戸線など
74%
39生駒近鉄奈良線など
74%
山科JR東海道本線など
74%
48伊丹阪急伊丹線など
71%
34箕面阪急箕面線
71%
加古川JR山陽本線など
71%
10草津JR東海道本線など
71%
8江坂地下鉄御堂筋線など
71%
51淀屋橋地下鉄御堂筋線など
69%
13本町地下鉄御堂筋線など
69%
12烏丸阪急京都線
69%
24福島JR大阪環状線など
69%
37塚口阪急神戸線など
66%
六甲阪急神戸線
66%
6夙川阪急神戸線など
66%
11岡本阪急神戸線
66%
93西明石JR山陽本線など
66%
22阪急京都線など
63%
87宇治京阪宇治線など
63%
26和歌山JR阪和線など
63%
23嵐山阪急嵐山線など
63%
84西九条阪神なんば線など
60%
18高槻市阪急京都線
60%
枚方市京阪本線など
60%
三田神戸電鉄三田線など
60%
60樟葉京阪本線
60%
70元町JR東海道本線など
60%
47中津地下鉄御堂筋線など
60%
32大和西大寺近鉄奈良線など
60%
91北浜地下鉄堺筋線など
57%
35茨木市阪急京都線
57%
17京都河原町阪急京都線
57%
72森ノ宮地下鉄中央線など
54%
59武庫之荘阪急神戸線
54%
25烏丸御池京都市営地下鉄烏丸線など
54%
30南草津JR東海道本線
54%
21心斎橋地下鉄御堂筋線など
54%
78大宮阪急京都線
54%
68谷町九丁目地下鉄谷町線など
54%
75石山JR東海道本線など
54%
西中島南方地下鉄御堂筋線
51%
三条京阪本線など
51%
71谷町四丁目地下鉄谷町線など
51%
99天満橋地下鉄谷町線など
51%
94川西能勢口阪急宝塚線など
51%
弁天町地下鉄中央線など
49%
67垂水JR山陽本線
49%
28御影阪急神戸線
49%
北千里阪急千里線
49%
85長居地下鉄御堂筋線など
49%
近鉄奈良近鉄奈良線
46%
80大久保JR山陽本線
46%
82和泉中央泉北高速鉄道
46%
54天神橋筋六丁目地下鉄谷町線など
46%
長岡天神阪急京都線
43%
44祇園四条京阪本線
43%
57丹波橋京阪本線
43%
52学園前近鉄奈良線
43%
63桃山台北大阪急行
43%
14芦屋川阪急神戸線
40%
二条京都市営地下鉄東西線など
40%
大和八木近鉄大阪線など
40%
55緑地公園北大阪急行
40%
58西院阪急京都線など
37%
北大路京都市営地下鉄烏丸線
37%
南森町地下鉄谷町線など
31%
万博記念公園大阪モノレール
31%
北山京都市営地下鉄烏丸線
31%
東三国地下鉄御堂筋線
31%
66和歌山市南海本線など
31%
53守山JR東海道本線
31%
79近江八幡JR東海道本線など
26%

Score Distribution

Percentile by Number Answered

Percent of People with Each Score

Your Score History

You have not taken this quiz